Justin Bieber - Biographie - Statistiques

Statistiques générales
  • Ce quiz a été pris 557 fois
    549 depuis la dernière actualisation
  • Le résultat moyen est 11 sur 19
Statistiques - réponses
Hint Réponse % Correct
Chanson la plus connue Baby
93%
Feat avec Jaden Smith Never Say Never
80%
Année de son mariage 2019
79%
What do you mean ? lui est dédié Selena Gomez
77%
2ème prénom Drew
62%
Date de naissance 1 mars 1994
61%
Premier album My World
60%
Premier single One Time
60%
Nom de sa mère Pattie
59%
Collaboration avec DJ Snake Let me love you
58%
Feat avec Nicky Minaj Beauty and a Beat
57%
Album pour lequel il gagne son 1er Grammy Purpose
52%
Collaboration avec Shawn Mendes Monster
49%
Collaboration avec Benny Blanco Lonely
46%
Nom de son père Jeremy
43%
Lieu de naissance Ontario
36%
Collaboration avec Ariana Grande Stuck With U
35%
Collaboration avec Chance the Rapper Holy
29%
3ème album, sortie en 2011 Under the Mistletoe
27%
Aucun quiz correspondant
Distribution des résultats
% des personnes avec chaque résultat
Percentile par nombre de réponses
Votre historique - résultats
Vous n’avez pas pris ce quiz depuis la dernière actualisation